Statystyki dla Flagi państw, leżących w Andach

Kliknij tutaj aby rozwiązać quiz!

Ogólne statystyki

  • Ten quiz został rozwiązany 36 razy
  • Średni wynik to 7 z 7

Statystyki odpowiedzi

Odpowiedź% Poprawnych
Chile
100%
Argentyna
97%
Ekwador
94%
Kolumbia
94%
Wenezuela
94%
Peru
91%
Boliwia
82%

Rozkład punktacji

Percentyl według liczby udzielonych odpowiedzi

Procent ludzi z każdym wynikiem

Twoja historia wyników

Nie rozwiązałeś tego quizu